Minas, o lápis professor (Registo nº 1087)

Detalhes MARC
000 -Etiqueta do registo
Cabeçalho 00835nam0a2200277 4500
005 - Identificador da versão
Campo de controlo 20240813121825.0
010 ## - Número internacional normalizado dos livros (ISBN)
Número (ISBN) 9789995553891
021 ## - Número do Depósito Legal
Código do país PT
Número 280769/08
100 ## - Dados gerais de processamento
Dados gerais de processamento 20151029d2008 da y0pory5003 ba
102 ## - Pais de publicação ou produção
País de publicação Portugal
101 0# - Língua de publicação
Língua do texto, banda sonora, etc. Português
215 ## - Descrição física 
Indicação específica da natureza do documento e extensão da espécie 48 p.
200 1# - Titulo e menção de responsabilidade
Título próprio Minas, o lápis professor
Primeira menção de responsabilidade Susana Cardoso Ferreira
Outras menções de responsabilidade il. Susana Cardoso Ferreira e Rodrigo Maia
205 ## - Menção da edição
Menção da edição 1ª ed
210 ## - Publicação, Distribuição, etc. 
Lugar da edição, distribuição, etc. Cruz Quebrada
Nome do editor, distribuidor, etc. Oficina do Livro
Data da publicação, distribuição, etc. 2008
304 ## - Notas relativas a título e menção de responsabilidade 
Texto da nota Tít. orig.:
606 ## - Nome comum usado como assunto
Número de registo de entrada de autoridade 0002010
Palavra de ordem Literatura portuguesa
Subdivisão de assunto Conto
Código do sistema CA
675 ## - Classificação Decimal Universal (CDU)
Notação 821.134.3-34
Edição 3ª ed.
Língua da edição por
702 #1 - Nome de autor-pessoa física (responsabilidade secundária)
Número de registo de entrada de autoridade 0001460
Palavra de ordem Ferreira
Outra parte do nome não tomada para palavra de ordem Susana Cardoso
Código de função Ilustrador / Técnico de desenho computorizado
Número de registo de entrada de autoridade 0002653
Palavra de ordem Maia
Outra parte do nome não tomada para palavra de ordem Rodrigo
Código de função Ilustrador / Técnico de desenho computorizado
700 #1 - Nome de autor-pessoa física (responsabilidade principal)
Número de registo de entrada de autoridade 0001460
Palavra de ordem Ferreira
Outra parte do nome não tomada para palavra de ordem Susana Cardoso
966 ## - Identificação da Biblioteca
Sigla EB2,3ENM
942 ## - Elementos de entrada adicionados (Koha)
Tipo de item no Koha Livro
Exemplares
Situação do levantamento Origin of item (home branch) (coded) Biblioteca de empréstimo Código de barras Cota Circulation type (not for loan) Tipo de documento Nota do exemplar Damaged status
  Biblioteca Escolar Eng. Nuno Mergulhão Biblioteca Escolar Eng. Nuno Mergulhão BENM1975 82LP-34 FER   Livro Sem mensagem